[Event "Int. Stuttgarter Stadtmeisterschaft B"]
[Site "Ditzingen"]
[Date "2019.05.31"]
[Round "4.15"]
[White "RÃ¼ger, Alexander"]
[Black "Wohlt, Harald"]
[Result "1/2-1/2"]
[WhiteElo "1782"]
[BlackElo "1619"]
[PlyCount "91"]
[EventDate "2019.??.??"]
[WhiteTeam "SF Pfullingen"]
[BlackTeam "Stuttgarter SF 1879"]

1. d4 Nf6 2. e3 e6 3. Bd3 d5 4. Nd2 Be7 5. f4 c5 6. c3 Nc6 7. Qe2 b6 8. Ngf3
Bb7 9. Ne5 O-O 10. Qf3 Qc7 11. O-O Rac8 12. g4 Nxe5 13. fxe5 Ne4 14. Nxe4 dxe4
15. Bxe4 Bxe4 16. Qxe4 Qc6 17. Qxc6 Rxc6 18. Bd2 f6 19. exf6 Bxf6 20. dxc5 Rxc5
21. e4 Rc4 22. g5 Be5 23. Rxf8+ Kxf8 24. Re1 g6 25. Kg2 b5 26. b3 Rc7 27. Rc1
Ke7 28. c4 bxc4 29. bxc4 Bd4 30. Bb4+ Kd7 31. h4 Kc6 32. Rd1 Bc5 33. Bc3 Rf7
34. Rf1 Rxf1 35. Kxf1 Bb6 36. Ke2 a6 37. Be1 Bd4 38. Kd3 Be5 39. Bf2 Bf4 40.
Be1 Bh2 41. Bf2 Be5 42. a4 Bd6 43. Kc3 Bf4 44. Kd4 Bd6 45. Be1 Bh2 46. Bf2
1/2-1/2

[Event "Int. Stuttgarter Stadtmeisterschaft B"]
[Site "Ditzingen"]
[Date "2019.05.31"]
[Round "4.16"]
[White "Volk, Oskar"]
[Black "Dallinger, Moritz"]
[Result "1-0"]
[WhiteElo "1675"]
[BlackElo "1757"]
[PlyCount "80"]
[EventDate "2019.??.??"]
[WhiteTeam "SC Grunbach"]
[BlackTeam "SV Stuttgart-Wolfbusch 1956 e.V."]

1. e4 c5 2. Nc3 e6 3. f4 Nc6 4. Nf3 a6 5. a4 d5 6. e5 Nge7 7. g3 Nf5 8. Bg2 d4
9. Ne4 d3 10. c3 c4 11. b3 Qd5 12. Nf2 cxb3 13. Nh4 Qc4 14. Nxf5 exf5 15. Qf3
Bc5 16. Nxd3 O-O 17. Nxc5 Qxc5 18. Ba3 b2 19. Bxb2 Re8 20. d4 Qc4 21. Qe2 Na5
22. Kf2 Be6 23. Rhd1 Qxe2+ 24. Kxe2 Bc4+ 25. Kf2 Rad8 26. Ba3 Bd5 27. Bxd5 Rxd5
28. Rab1 b5 29. axb5 axb5 30. Bc5 Rb8 31. Rb4 f6 32. Rdb1 fxe5 33. fxe5 Kf7 34.
Rxb5 Rxb5 35. Rxb5 Nc4 36. Rb7+ Kg6 37. Bf8 Nxe5 38. dxe5 Rxe5 39. Rxg7+ Kf6
40. Rxh7 Re8 1-0

[Event "Int. Stuttgarter Stadtmeisterschaft B"]
[Site "Ditzingen"]
[Date "2019.05.31"]
[Round "4.17"]
[White "WÃ¼bbens, Carsten"]
[Black "Reichardt, Bernd"]
[Result "1/2-1/2"]
[WhiteElo "1655"]
[BlackElo "1750"]
[PlyCount "84"]
[EventDate "2019.??.??"]
[WhiteTeam "SF Freiberg"]
[BlackTeam "SF MarkgrÃ¤flerland e."]

1. d4 Nf6 2. c4 g6 3. Nc3 Bg7 4. e4 d6 5. Bd3 e5 6. d5 O-O 7. Nge2 c6 8. f3
cxd5 9. cxd5 Nbd7 10. Be3 b6 11. Rc1 Nc5 12. Bb5 a5 13. a3 Bd7 14. b4 axb4 15.
axb4 Bxb5 16. Nxb5 Qd7 17. Nxd6 Nd3+ 18. Qxd3 Qxd6 19. Qb5 Rfc8 20. O-O Bf8 21.
Qxb6 Qxb6 22. Bxb6 Bxb4 23. Rxc8+ Rxc8 24. Rc1 Rxc1+ 25. Nxc1 Nd7 26. Be3 Bc5
27. Kf2 f5 28. Nb3 Bb4 29. g3 fxe4 30. fxe4 Nf6 31. Kf3 Nd7 32. Nc1 Kf7 33. Nd3
Bd6 34. h4 Be7 35. Nb2 h5 36. Nc4 Bb4 37. Bg5 Bc5 38. Bd8 Bb4 39. Nb6 Nc5 40.
Bc7 Ba5 41. d6 Bxb6 42. Bxb6 Nd7 1/2-1/2

[Event "Int. Stuttgarter Stadtmeisterschaft B"]
[Site "Ditzingen"]
[Date "2019.05.31"]
[Round "4.18"]
[White "Fechner, Andreas"]
[Black "Rashba, David"]
[Result "0-1"]
[WhiteElo "1661"]
[BlackElo "1738"]
[PlyCount "164"]
[EventDate "2019.??.??"]
[WhiteTeam "SC Magstadt"]
[BlackTeam "SC Sillenbuch"]

1. d4 d5 2. c4 c6 3. Nf3 Nf6 4. Bf4 Bf5 5. e3 e6 6. Qb3 Qb6 7. Qxb6 axb6 8. a3
Nbd7 9. Be2 Be7 10. O-O O-O 11. Nc3 Ne4 12. Nxe4 Bxe4 13. Nd2 Bg6 14. Rac1 Ra7
15. Nf3 Rfa8 16. Ne5 Nxe5 17. Bxe5 dxc4 18. Bxc4 b5 19. Bb3 b4 20. a4 Be4 21.
f3 Bg6 22. Rfd1 Rd8 23. Bc7 Rd7 24. Bb6 Ra8 25. Bc5 Bxc5 26. Rxc5 Rad8 27. Kf2
Rd6 28. Ke2 b6 29. Rcc1 Ra8 30. Rc4 b5 31. Rxb4 bxa4 32. Bxa4 h6 33. Rc1 Kh7
34. Rxc6 Rxa4 35. Rxa4 Rxc6 36. b4 Rc2+ 37. Kf1 Bd3+ 38. Kg1 Kg6 39. Ra3 Bc4
40. h3 Rb2 41. Rc3 Rxb4 42. Kh2 Bb5 43. Kg3 Rb2 44. Rc1 Kf6 45. h4 Kg6 46. Kh3
Rf2 47. h5+ Kf6 48. Re1 Bf1 49. Kg3 Rxg2+ 50. Kf4 Bd3 51. Rd1 Bc2 52. Re1 Rh2
53. Rc1 Ba4 54. Kg4 Rc2 55. Ra1 Bc6 56. Ra7 Rg2+ 57. Kf4 Rg5 58. e4 Rxh5 59.
Ra6 Bb5 60. Ra5 g5+ 61. Ke3 Bd7 62. d5 exd5 63. Rxd5 Be6 64. Ra5 Rh3 65. Kf2
Rh2+ 66. Kg3 Rb2 67. Rc5 Kg6 68. Rc6 h5 69. f4 h4+ 70. Kf3 Rb3+ 71. Kg2 h3+ 72.
Kh2 gxf4 73. e5 Rb5 74. Rd6 Rxe5 75. Rc6 Kg5 76. Rc1 Re2+ 77. Kh1 Kg4 78. Rg1+
Kf3 79. Rf1+ Ke3 80. Kg1 h2+ 81. Kh1 Bd5+ 82. Rf3+ Bxf3# 0-1

[Event "Int. Stuttgarter Stadtmeisterschaft B"]
[Site "Ditzingen"]
[Date "2019.05.31"]
[Round "4.19"]
[White "Pocrnic, Josip"]
[Black "JÃ¤ger, Hans-Ulrich"]
[Result "1-0"]
[WhiteElo "1648"]
[BlackElo "1729"]
[PlyCount "75"]
[EventDate "2019.??.??"]
[WhiteTeam "SF 1954 Conweiler e.V."]
[BlackTeam "SC Sillenbuch"]

1. e4 e5 2. Nf3 Nc6 3. Bc4 Nf6 4. Nc3 Be7 5. O-O d6 6. h3 O-O 7. d4 Nxd4 8.
Nxd4 exd4 9. Qxd4 Be6 10. Bb3 a6 11. Nd5 c5 12. Qd3 Re8 13. a4 Bd7 14. c4 Bc6
15. Bc2 g6 16. b3 Nxd5 17. exd5 Bd7 18. Bb2 Bf6 19. Bxf6 Qxf6 20. Rfe1 Bf5 21.
Qf3 Qg5 22. Bxf5 Qxf5 23. Qxf5 gxf5 24. Kf1 Kg7 25. Rxe8 Rxe8 26. Re1 Re4 27.
f3 Rxe1+ 28. Kxe1 f4 29. a5 Kf6 30. Kd2 Ke7 31. Kc3 Kf6 32. b4 cxb4+ 33. Kxb4
Ke5 34. Kc3 f5 35. h4 h5 36. Kd3 Kf6 37. Kd4 Ke7 38. c5 1-0

[Event "Int. Stuttgarter Stadtmeisterschaft B"]
[Site "Ditzingen"]
[Date "2019.05.31"]
[Round "4.20"]
[White "Schmedemann, JÃ¶rg"]
[Black "Hahn, Martin"]
[Result "1-0"]
[WhiteElo "1617"]
[BlackElo "1726"]
[PlyCount "109"]
[EventDate "2019.??.??"]
[WhiteTeam "SSV Zuffenhausen"]
[BlackTeam "SF Oeffingen e.V."]

1. e4 d6 2. d4 Nf6 3. Nc3 c6 4. Nf3 Bg4 5. Be2 e6 6. Bg5 Be7 7. O-O O-O 8. Re1
d5 9. exd5 cxd5 10. Ne5 Bxe2 11. Qxe2 Nc6 12. Qd2 a6 13. Rab1 Rc8 14. a3 Nd7
15. Bxe7 Nxe7 16. Nxd7 Qxd7 17. Ne2 Nf5 18. Nf4 Rc4 19. c3 b6 20. Qe2 Re8 21.
h3 Nd6 22. f3 a5 23. g4 Rc6 24. Kg2 Nc4 25. Nd3 f6 26. Qf2 e5 27. Re2 Rce6 28.
Rbe1 R8e7 29. Kf1 Qe8 30. Kg1 g5 31. Kf1 e4 32. fxe4 dxe4 33. Nc1 e3 34. Qf5
Kg7 35. Nd3 Nd2+ 36. Kg1 h5 37. gxh5 Qxh5 38. Nf4 Nf3+ 39. Kh1 Qh4 40. Nxe6+
Rxe6 41. Rf1 Nd2 42. Rg1 Re7 43. Qg4 Qh8 44. Rgg2 Kg6 45. Kg1 Rh7 46. Rxe3 Rh4
47. Qe2 Ne4 48. Rxe4 Rxh3 49. Rh2 Rg3+ 50. Kf1 Rh3 51. Rxh3 Qxh3+ 52. Qg2 Qd3+
53. Re2 Qb1+ 54. Kf2 Qf5+ 55. Qf3 1-0

[Event "Int. Stuttgarter Stadtmeisterschaft B"]
[Site "Ditzingen"]
[Date "2019.06.01"]
[Round "5.1"]
[White "Aubel, Stefan"]
[Black "Jantos, Stefan"]
[Result "1/2-1/2"]
[WhiteElo "1672"]
[BlackElo "1887"]
[PlyCount "112"]
[EventDate "2019.??.??"]
[WhiteTeam "SSV Zuffenhausen"]
[BlackTeam "SF Oeffingen e.V."]

1. d4 d5 2. c4 c6 3. cxd5 cxd5 4. Nc3 Nf6 5. Nf3 e6 6. Bg5 Be7 7. e3 Ne4 8.
Bxe7 Qxe7 9. Nxe4 dxe4 10. Bb5+ Nd7 11. Nd2 Qb4 12. Qb3 Qxb3 13. Nxb3 a6 14.
Be2 Nf6 15. Kd2 Bd7 16. Nc5 Bc6 17. Rhc1 Rc8 18. b4 Ke7 19. a4 Nd7 20. b5 Nxc5
21. dxc5 Rhd8+ 22. Ke1 axb5 23. axb5 Bd5 24. f3 Ra8 25. fxe4 Rxa1 26. Rxa1 Bxe4
27. Bf3 Bxf3 28. gxf3 Rc8 29. Rc1 Ra8 30. Kd2 Ra5 31. b6 Kd7 32. Kd3 Kc6 33.
Kd4 e5+ 34. Kxe5 Rxc5+ 35. Rxc5+ Kxc5 36. e4 Kxb6 37. Kd6 Ka5 38. e5 b5 39. Ke7
b4 40. Kxf7 b3 41. e6 b2 42. e7 b1=Q 43. e8=Q Qg6+ 44. Kf8 Qg2 45. Qh5+ Kb6 46.
Qg4 Qxh2 47. Kxg7 h5 48. Qe6+ Kb5 49. Qb3+ Kc5 50. Qc3+ Kd5 51. Qb3+ Kd4 52.
Qb4+ Kd5 53. Qb3+ Kc6 54. Qc4+ Kb7 55. Qb5+ Kc8 56. Qe8+ Kb7 1/2-1/2

[Event "Int. Stuttgarter Stadtmeisterschaft B"]
[Site "Ditzingen"]
[Date "2019.06.01"]
[Round "5.2"]
[White "Schulz, Uwe"]
[Black "Kaufhold, Stephan"]
[Result "0-1"]
[WhiteElo "1696"]
[BlackElo "1827"]
[PlyCount "92"]
[EventDate "2019.??.??"]
[WhiteTeam "SF Heubach"]
[BlackTeam "SC BÃ¶blingen 1975 e.V."]

1. e4 c6 2. d4 g6 3. Nc3 Bg7 4. Bc4 e6 5. Nf3 d5 6. exd5 exd5 7. Be2 Nf6 8. Bg5
h6 9. Bh4 O-O 10. O-O Bf5 11. Qd2 Nbd7 12. Ne5 g5 13. Bg3 Ne4 14. Nxe4 Bxe4 15.
f4 Nxe5 16. fxe5 f6 17. h4 f5 18. hxg5 hxg5 19. Bh5 f4 20. Be1 Qd7 21. Qe2 a5
22. Bg4 Bf5 23. Bxf5 Qxf5 24. c4 g4 25. b4 f3 26. gxf3 gxf3 27. Qf2 Qg4+ 28.
Qg3 Qxd4+ 29. Bf2 Qxe5 30. Qxe5 Bxe5 31. Rae1 Rf5 32. Rxe5 Rxe5 33. cxd5 Rxd5
34. a3 Rg5+ 35. Kh2 Kf7 36. Bd4 Rf5 37. Kg3 Rg8+ 38. Kf2 Rg2+ 39. Ke3 Re2+ 40.
Kd3 Ra2 41. Ke4 Kg6 42. Rg1+ Rg5 43. Rf1 Rg4+ 44. Kd3 Rxa3+ 45. Kc4 axb4 46.
Kxb4 Rd3 0-1

[Event "Int. Stuttgarter Stadtmeisterschaft B"]
[Site "Ditzingen"]
[Date "2019.06.01"]
[Round "5.3"]
[White "Fischer, Dietmar"]
[Black "Kaplunov, Vadym"]
[Result "1-0"]
[WhiteElo "1893"]
[BlackElo "1773"]
[PlyCount "37"]
[EventDate "2019.??.??"]
[WhiteTeam "SC BÃ¶blingen 1975 e.V."]
[BlackTeam "Stuttgarter SF 1879"]

1. e4 c5 2. Nf3 d6 3. d4 cxd4 4. Nxd4 Nf6 5. Nc3 g6 6. Be3 Bg7 7. f3 a6 8. Qd2
h5 9. Bc4 Nc6 10. Nxc6 bxc6 11. e5 Nh7 12. exd6 exd6 13. O-O-O O-O 14. Qxd6 Bb7
15. Qxg6 Qh4 16. Qe4 Qxe4 17. Nxe4 Rfe8 18. Rd7 Bc8 19. Bxf7+ 1-0

[Event "Int. Stuttgarter Stadtmeisterschaft B"]
[Site "Ditzingen"]
[Date "2019.06.01"]
[Round "5.4"]
[White "Wibel, Stefan"]
[Black "Gheng, Christian"]
[Result "0-1"]
[WhiteElo "1698"]
[BlackElo "1865"]
[PlyCount "76"]
[EventDate "2019.??.??"]
[WhiteTeam "SF Bad GrÃ¶nenbach"]
[BlackTeam "Schach-Kids Bernhausen e.V."]

1. d4 Nf6 2. Nf3 e6 3. Bf4 c5 4. e3 Nc6 5. c3 d5 6. Bd3 c4 7. Bc2 Be7 8. Nbd2
O-O 9. h4 Bd6 10. Ne5 Qc7 11. Ndf3 Ne4 12. Nxc6 Bxf4 13. Nce5 Bxe5 14. Nxe5 f6
15. Nf3 b5 16. Nd2 Bb7 17. Nxe4 dxe4 18. g3 e5 19. O-O exd4 20. cxd4 f5 21. Qd2
Bd5 22. Qb4 Rab8 23. a4 a5 24. Qc5 Qxc5 25. dxc5 b4 26. Rfd1 Rfd8 27. Rd4 Kf7
28. Rad1 Ke6 29. b3 c3 30. f3 Ke5 31. fxe4 fxe4 32. Bxe4 Bxe4 33. c6 c2 34. Rc1
Rxd4 35. exd4+ Kxd4 36. Kf2 Kc3 37. c7 Rc8 38. Ke3 Bg6 0-1

[Event "Int. Stuttgarter Stadtmeisterschaft B"]
[Site "Ditzingen"]
[Date "2019.06.01"]
[Round "5.5"]
[White "Leitherer, Johannes"]
[Black "Abel, Manfred"]
[Result "0-1"]
[WhiteElo "1695"]
[BlackElo "1856"]
[PlyCount "72"]
[EventDate "2019.??.??"]
[WhiteTeam "Stuttgarter SF 1879"]
[BlackTeam "SK Bietigheim-Bissingen"]

1. e4 d6 2. d4 Nf6 3. Nc3 g6 4. f4 Bg7 5. Nf3 O-O 6. Be2 c6 7. O-O b5 8. e5 Ne8
9. Be3 Bb7 10. Qe1 Nd7 11. Ng5 h6 12. Nf3 b4 13. Nd1 a5 14. Qh4 c5 15. exd6
Nxd6 16. dxc5 Nf5 17. Qf2 Nxe3 18. Qxe3 Rc8 19. Rc1 e6 20. c4 Nxc5 21. b3 Bxf3
22. Qxf3 Qd2 23. Nf2 Qxa2 24. Bd1 a4 25. bxa4 b3 26. Be2 b2 27. Rb1 Rfd8 28.
Nd3 Nxa4 29. Nb4 Qxb1 30. Rxb1 Rd2 31. Bd3 Bd4+ 32. Kf1 Nc3 33. Ke1 Nxb1 34.
Bxb1 Rf2 35. Qe4 Rxc4 36. Qa8+ Kg7 0-1

[Event "Int. Stuttgarter Stadtmeisterschaft B"]
[Site "Ditzingen"]
[Date "2019.06.01"]
[Round "5.6"]
[White "Schulz, Jens Peter"]
[Black "Maier, Lukas"]
[Result "1/2-1/2"]
[WhiteElo "1846"]
[BlackElo "1683"]
[PlyCount "103"]
[EventDate "2019.??.??"]
[WhiteTeam "SV Dicker Turm Esslingen"]
[BlackTeam "SV Backnang"]

1. e4 e5 2. Nf3 Nc6 3. Bc4 Bc5 4. O-O d6 5. d3 Bg4 6. c3 Nf6 7. Nbd2 O-O 8. h3
Bh5 9. Re1 Qd7 10. b4 Bb6 11. a4 a6 12. Nf1 Nd8 13. Ng3 Ne6 14. Nxh5 Nxh5 15.
Nxe5 dxe5 16. Qxh5 Nf4 17. Bxf4 exf4 18. Qh4 c6 19. Qxf4 Bc7 20. e5 b5 21. axb5
cxb5 22. Bb3 Qxd3 23. Rac1 Kh8 24. Qh4 Qd8 25. Qe4 Qe7 26. f4 Bb6+ 27. Kh1 Rad8
28. Red1 Qc7 29. Rd5 g6 30. Qd3 Kg7 31. Rd1 Rxd5 32. Bxd5 Rd8 33. Qf3 Qe7 34.
Qe4 Qc7 35. Rd3 Ba7 36. f5 Bb8 37. f6+ Kh8 38. Re3 Ba7 39. Rd3 Bb8 40. Re3 Ba7
41. Re1 Re8 42. Qf4 Qxc3 43. Rc1 Be3 44. Rxc3 Bxf4 45. e6 fxe6 46. f7 Rd8 47.
Bf3 Kg7 48. Rc6 e5 49. g4 Kxf7 50. Rxa6 Rb8 51. Ra7+ Kf6 52. Rb7 1/2-1/2

[Event "Int. Stuttgarter Stadtmeisterschaft B"]
[Site "Ditzingen"]
[Date "2019.06.01"]
[Round "5.7"]
[White "Stiefelmeyer, Michael"]
[Black "Shahisavandi, Abdollah"]
[Result "1-0"]
[WhiteElo "1689"]
[BlackElo "1800"]
[PlyCount "91"]
[EventDate "2019.??.??"]
[WhiteTeam "SF Nabern"]
[BlackTeam "Karlsruher SF 1853"]

1. c4 c5 2. g3 g6 3. Bg2 Bg7 4. Nc3 Nc6 5. e4 d6 6. Nge2 a6 7. O-O e6 8. d3
Nge7 9. Be3 O-O 10. Qd2 Re8 11. h3 Rb8 12. Rab1 b5 13. b3 b4 14. Na4 e5 15. Kh2
Be6 16. f4 Nd4 17. fxe5 Bxe5 18. Nxd4 cxd4 19. Bg5 Qc8 20. Bf6 Bxf6 21. Rxf6
Kg7 22. Rbf1 Qc7 23. Qg5 Ng8 24. R6f2 Rbc8 25. Qd2 a5 26. Qb2 Qa7 27. Rc2 Rc7
28. c5 dxc5 29. Nxc5 Rd8 30. Rfc1 Re7 31. a3 Nf6 32. Ra1 Qb8 33. Bf3 h5 34. Kg2
h4 35. gxh4 Qf4 36. Nxe6+ Rxe6 37. Rc5 Qxh4 38. Qf2 Qh6 39. axb4 axb4 40. Raa5
Rh8 41. h4 Qf4 42. h5 Rd8 43. Be2 Qh6 44. Qg3 Rh8 45. Ra7 Qd2 46. Qxg6+ 1-0

[Event "Int. Stuttgarter Stadtmeisterschaft B"]
[Site "Ditzingen"]
[Date "2019.06.01"]
[Round "5.8"]
[White "Rashba, David"]
[Black "Volk, Oskar"]
[Result "1/2-1/2"]
[WhiteElo "1738"]
[BlackElo "1675"]
[PlyCount "58"]
[EventDate "2019.??.??"]
[WhiteTeam "SC Sillenbuch"]
[BlackTeam "SC Grunbach"]

1. d4 Nf6 2. Bf4 g6 3. e3 Bg7 4. Nf3 O-O 5. Be2 d6 6. h3 c5 7. c3 Be6 8. dxc5
dxc5 9. Qxd8 Rxd8 10. O-O Nc6 11. Na3 Bd5 12. Nb5 Nh5 13. Bh2 e5 14. Nc7 Bxf3
15. Bxf3 Rac8 16. Nb5 a6 17. Na3 f5 18. Bxh5 gxh5 19. Rad1 b5 20. b3 e4 21. c4
b4 22. Nb1 Be5 23. Rd5 Bxh2+ 24. Kxh2 Rxd5 25. cxd5 Ne5 26. Nd2 Rd8 27. Nc4
Rxd5 28. Nxe5 Rxe5 29. Rd1 c4 1/2-1/2

[Event "Int. Stuttgarter Stadtmeisterschaft B"]
[Site "Ditzingen"]
[Date "2019.06.01"]
[Round "5.9"]
[White "Rautenberg, Uwe"]
[Black "MÃ¼ller, Klaus"]
[Result "0-1"]
[WhiteElo "1714"]
[BlackElo "1654"]
[PlyCount "70"]
[EventDate "2019.??.??"]
[WhiteTeam "SC Ingersheim e.V."]
[BlackTeam "SV Marbach"]

1. d4 Nf6 2. Nc3 d5 3. Bf4 c6 4. e3 Bf5 5. Bd3 Bg6 6. f3 e6 7. g4 Bxd3 8. Qxd3
Bb4 9. Nge2 h6 10. h4 Nbd7 11. a3 Ba5 12. O-O-O Bc7 13. Rdg1 Bxf4 14. Nxf4 e5
15. Nfe2 g6 16. Ng3 Qe7 17. h5 g5 18. Nf5 Qf8 19. e4 dxe4 20. Nxe4 Nxe4 21.
Qxe4 O-O-O 22. dxe5 Re8 23. Nd6+ Kc7 24. Nxe8+ Qxe8 25. Rd1 Nxe5 26. Rhe1 f6
27. Qd4 Qe6 28. Kb1 b6 29. Re3 Rh7 30. Qd8+ Kb7 31. Rd6 Qc4 32. Rc3 Qf1+ 33.
Ka2 c5 34. Qxf6 Nc4 35. Re6 Nd2 0-1

[Event "Int. Stuttgarter Stadtmeisterschaft B"]
[Site "Ditzingen"]
[Date "2019.06.01"]
[Round "5.10"]
[White "GrÃ¼nert, Thomas"]
[Black "Baumeister, JÃ¼rgen"]
[Result "0-1"]
[WhiteElo "1692"]
[BlackElo "1713"]
[PlyCount "108"]
[EventDate "2019.??.??"]
[WhiteTeam "SF Illingen"]
[BlackTeam "SC Asperg"]

1. d4 e6 2. Nf3 d5 3. Bf4 c5 4. c3 Nc6 5. e3 Bd7 6. Bd3 Rc8 7. Nbd2 Nf6 8. O-O
Nh5 9. Bg5 Qc7 10. dxc5 Bxc5 11. a4 h6 12. Bh4 g5 13. Bg3 Nxg3 14. hxg3 e5 15.
e4 Bg4 16. exd5 Ne7 17. Bb5+ Kf8 18. Ne4 Rd8 19. Nf6 Bc8 20. b4 Bd6 21. Qb3 Kg7
22. Ne4 f5 23. Nxd6 Qxd6 24. Rfd1 e4 25. Nd2 Qxd5 26. Bc4 Qe5 27. Nf1 f4 28.
Be2 Nf5 29. Bg4 fxg3 30. Nxg3 Nxg3 31. Bxc8 Ne2+ 32. Kf1 Nxc3 33. Rxd8 Rxd8 34.
Qe6 Qc7 35. Bxb7 Rf8 36. Bxe4 Rf6 37. Qe8 Qc4+ 38. Kg1 Nxe4 39. Rd1 Rf7 40.
Qe5+ Nf6 41. Rd4 Qc1+ 42. Kh2 Qc2 43. f3 Qxa4 44. b5 Qa5 45. Rd6 Qc7 46. f4 Qe7
47. Re6 Qc7 48. Rxf6 Qxe5 49. Rxf7+ Kxf7 50. fxe5 h5 51. Kg3 Ke6 52. Kf3 Kxe5
53. g3 Kd4 54. Kf2 Kc5 0-1

[Event "Int. Stuttgarter Stadtmeisterschaft B"]
[Site "Ditzingen"]
[Date "2019.06.01"]
[Round "5.11"]
[White "Machaczek, Werner"]
[Black "Strauss, Martin"]
[Result "1/2-1/2"]
[WhiteElo "1649"]
[BlackElo "1709"]
[PlyCount "108"]
[EventDate "2019.??.??"]
[WhiteTeam "SC Tamm 74"]
[BlackTeam "SC Sillenbuch"]

1. e4 c5 2. Nf3 Nc6 3. Bb5 g6 4. Bxc6 dxc6 5. h3 Bg7 6. d3 Nf6 7. O-O Qc7 8.
Nbd2 O-O 9. a4 b6 10. Re1 Rd8 11. Qe2 Nh5 12. Qe3 Qf4 13. Nb3 Qxe3 14. Rxe3 Be6
15. Nbd2 a6 16. Re1 h6 17. Rb1 Ba2 18. Ra1 Be6 19. Rb1 Rab8 20. b3 b5 21. Ba3
b4 22. Bb2 f6 23. Bc1 g5 24. Nf1 Bf7 25. Be3 e5 26. Bxc5 Bf8 27. Be3 Nf4 28.
Ng3 Be6 29. Ne2 Rd7 30. Kh2 Rg7 31. d4 Bd6 32. dxe5 fxe5 33. Rbd1 Bc7 34. Bc5
Rf7 35. Bd6 Nxe2 36. Rxe2 Rd8 37. Red2 Bb6 38. Bxe5 Re8 39. Bd4 c5 40. Be3 g4
41. Ne5 Bc7 42. Rd6 Bxd6 43. Rxd6 Rc7 44. hxg4 Bxb3 45. Rxh6 Rxe5 46. Bf4 Rxe4
47. Bxc7 Bxc2 48. Rxa6 b3 49. Rb6 Rxa4 50. Kh3 Ra3 51. Kh4 c4 52. Be5 Ra5 53.
Bc3 Rd5 54. Rc6 Bd3 1/2-1/2

[Event "Int. Stuttgarter Stadtmeisterschaft B"]
[Site "Ditzingen"]
[Date "2019.06.01"]
[Round "5.12"]
[White "Schreiber, Stephan"]
[Black "Pocrnic, Josip"]
[Result "1/2-1/2"]
[WhiteElo "1699"]
[BlackElo "1648"]
[PlyCount "93"]
[EventDate "2019.??.??"]
[WhiteTeam "SC Schachmatt Botnang"]
[BlackTeam "SF 1954 Conweiler e.V."]

1. d4 Nf6 2. Bf4 e6 3. e3 b6 4. Be2 Bb7 5. Bf3 Bxf3 6. Qxf3 d5 7. Qe2 Qd7 8.
Nf3 Bd6 9. Ne5 Bxe5 10. Bxe5 Qe7 11. Qb5+ c6 12. Qa4 Nfd7 13. Bg3 O-O 14. Nd2
c5 15. c3 Rc8 16. Nf3 Nc6 17. O-O cxd4 18. exd4 a6 19. Qc2 b5 20. a4 Qf6 21.
Qe2 Nf8 22. Ne5 Nxe5 23. Bxe5 Qg6 24. Bg3 Nd7 25. f4 Re8 26. Qf2 Qf5 27. Rae1
h6 28. h3 Kh7 29. Bh2 h5 30. Kh1 g6 31. Qh4 Kg7 32. Rf3 Rh8 33. Qf2 h4 34. Qe2
Nf6 35. Qe5 Qxe5 36. fxe5 Ne4 37. Bf4 Rh5 38. Ref1 Rf5 39. Kg1 Rh8 40. Be3 Rhh5
41. Rxf5 gxf5 42. Bf2 Kg6 43. Be3 Ng3 44. Rf3 Ne4 45. Kh2 Rh7 46. Rf4 Rh5 47.
Rf3 1/2-1/2

[Event "Int. Stuttgarter Stadtmeisterschaft B"]
[Site "Ditzingen"]
[Date "2019.06.01"]
[Round "5.13"]
[White "TÃ¶njes, JÃ¼rgen"]
[Black "Schmedemann, JÃ¶rg"]
[Result "1-0"]
[WhiteElo "1839"]
[BlackElo "1617"]
[PlyCount "85"]
[EventDate "2019.??.??"]
[WhiteTeam "SF Lilienthal von 1971"]
[BlackTeam "SSV Zuffenhausen"]

1. d4 d5 2. Bf4 Nf6 3. e3 Bf5 4. Bd3 Bxd3 5. Qxd3 c6 6. Nd2 Nbd7 7. Ngf3 e6 8.
O-O Be7 9. h3 h6 10. c4 O-O 11. b3 b6 12. Rac1 c5 13. dxc5 Nxc5 14. Qc2 dxc4
15. Nxc4 Nd5 16. Rfd1 Qc8 17. Bg3 Bf6 18. Be5 Bxe5 19. Ncxe5 Rd8 20. Qb1 Qb7
21. b4 Nd7 22. Nc6 Re8 23. Qd3 Rac8 24. e4 N5f6 25. Qd6 Kh8 26. a3 Qc7 27. Qxc7
Rxc7 28. Nce5 Rxc1 29. Rxc1 Nxe5 30. Nxe5 Re7 31. f3 g6 32. Rc8+ Kg7 33. Kf2
Rb7 34. g4 Nd7 35. Nc6 a6 36. a4 a5 37. bxa5 bxa5 38. Nxa5 Ra7 39. Nc4 Rxa4 40.
Rc7 g5 41. Kg3 Kf6 42. h4 Ke7 43. Rxd7+ 1-0

[Event "Int. Stuttgarter Stadtmeisterschaft B"]
[Site "Ditzingen"]
[Date "2019.06.01"]
[Round "5.14"]
[White "Grob, Sascha"]
[Black "Wallinger, Lukas"]
[Result "0-1"]
[WhiteElo "1682"]
[BlackElo "1810"]
[PlyCount "86"]
[EventDate "2019.??.??"]
[WhiteTeam "SK e4 Gerlingen"]
[BlackTeam "SV Unterkochen"]

1. d4 f5 2. Nc3 Nf6 3. Bg5 e6 4. e4 fxe4 5. Nxe4 Be7 6. Nxf6+ Bxf6 7. Bxf6 Qxf6
8. Nf3 b6 9. Be2 Bb7 10. c3 d6 11. Qd2 Nd7 12. O-O-O O-O-O 13. Rde1 Rhe8 14.
Qg5 e5 15. Qxf6 gxf6 16. dxe5 dxe5 17. Nh4 Nc5 18. f3 e4 19. Rd1 Nd3+ 20. Bxd3
exd3 21. Rd2 c5 22. Kd1 c4 23. Re1 Re5 24. Rxe5 fxe5 25. Nf5 Kc7 26. Ke1 b5 27.
Ng3 a5 28. Rf2 Rf8 29. Kd2 Kd7 30. Nf1 Ke6 31. Ke3 Bd5 32. Nd2 b4 33. Nb1 Kd6
34. Nd2 bxc3 35. bxc3 Rb8 36. Ne4+ Bxe4 37. fxe4 Ke6 38. Rd2 Rb1 39. Kf2 Rc1
40. Ke3 Rxc3 41. g4 Rc1 42. Rg2 Re1+ 43. Kf3 c3 0-1

[Event "Int. Stuttgarter Stadtmeisterschaft B"]
[Site "Ditzingen"]
[Date "2019.06.01"]
[Round "5.15"]
[White "RÃ¼hl, Volker"]
[Black "Michna, Marcus"]
[Result "1/2-1/2"]
[WhiteElo "1805"]
[BlackElo "1666"]
[PlyCount "59"]
[EventDate "2019.??.??"]
[WhiteTeam "VfL Sindelfingen"]
[BlackTeam "TSF Ditzingen"]

1. c4 e5 2. Nc3 Nf6 3. g3 Bb4 4. Bg2 Bxc3 5. dxc3 h6 6. e4 d6 7. h3 Nc6 8. Be3
b6 9. Ne2 Bb7 10. Qc2 Qe7 11. O-O O-O 12. g4 Qe6 13. b3 Ne7 14. Ng3 Ng6 15. f3
Nf4 16. Qd2 g5 17. Nf5 h5 18. Bxf4 exf4 19. a4 a5 20. Rfe1 h4 21. Qd4 Qe5 22.
Qxe5 dxe5 23. Red1 Rfd8 24. Bf1 Kf8 25. Be2 Ke8 26. Ng7+ Ke7 27. Nf5+ Ke8 28.
Kf1 Rxd1+ 29. Rxd1 Rd8 30. Ng7+ 1/2-1/2

[Event "Int. Stuttgarter Stadtmeisterschaft B"]
[Site "Ditzingen"]
[Date "2019.06.01"]
[Round "5.16"]
[White "Braun, Tobias"]
[Black "RÃ¼ger, Alexander"]
[Result "0-1"]
[WhiteElo "1661"]
[BlackElo "1782"]
[PlyCount "64"]
[EventDate "2019.??.??"]
[WhiteTeam "SSV Zuffenhausen"]
[BlackTeam "SF Pfullingen"]

1. d4 f5 2. c4 g6 3. Nf3 Bg7 4. g3 Nf6 5. Bg2 d6 6. Nc3 O-O 7. O-O c6 8. Qc2
Qc7 9. b3 Na6 10. Bb2 e5 11. dxe5 dxe5 12. Ba3 Re8 13. Rad1 Bf8 14. Bb2 Nb4 15.
Qb1 a5 16. Nh4 Be7 17. e4 f4 18. Na4 Nh5 19. Nf3 Bf6 20. c5 Be6 21. Rd6 b5 22.
Nb6 Rad8 23. Rfd1 Rxd6 24. Rxd6 Bg4 25. h3 Bxf3 26. Bxf3 Be7 27. Re6 fxg3 28.
Bxh5 gxf2+ 29. Kg2 gxh5 30. Bxe5 Qd8 31. Qc1 Rf8 32. Kf1 Qd3+ 0-1

[Event "Int. Stuttgarter Stadtmeisterschaft B"]
[Site "Ditzingen"]
[Date "2019.06.01"]
[Round "5.17"]
[White "SchÃ¤fer, Daniel"]
[Black "WÃ¼bbens, Carsten"]
[Result "1-0"]
[WhiteElo "1778"]
[BlackElo "1655"]
[PlyCount "111"]
[EventDate "2019.??.??"]
[WhiteTeam "Heilbronner SV"]
[BlackTeam "SF Freiberg"]

1. d4 d5 2. c4 Nf6 3. cxd5 Qxd5 4. Nc3 Qa5 5. Nf3 e6 6. e3 c6 7. Bd3 Bd6 8. O-O
Nbd7 9. Qc2 Qc7 10. e4 e5 11. d5 Nc5 12. dxc6 bxc6 13. Be3 Nxd3 14. Qxd3 Bg4
15. Rac1 Qe7 16. Rfd1 Rd8 17. Qa6 O-O 18. Qxa7 Ra8 19. Qxe7 Bxe7 20. a3 h6 21.
Rd2 Bxf3 22. gxf3 Rfb8 23. Rdc2 Rd8 24. Nb1 c5 25. Bxc5 Bxc5 26. Rxc5 Nh5 27.
R5c2 Nf4 28. Nc3 Rd3 29. Ne2 Nxe2+ 30. Rxe2 Rxf3 31. Rec2 Rb3 32. Rc8+ Rxc8 33.
Rxc8+ Kh7 34. Rc2 Kg6 35. Kg2 Kg5 36. f3 Kf4 37. a4 g5 38. a5 f5 39. exf5 Kxf5
40. a6 Rb6 41. a7 Ra6 42. Rc7 e4 43. Rf7+ Ke6 44. Rh7 Kf5 45. fxe4+ Kxe4 46. b4
Ra2+ 47. Kg3 h5 48. b5 Ra3+ 49. Kf2 Ra2+ 50. Ke1 Ke3 51. Re7+ Kd3 52. b6 g4 53.
Re8 g3 54. hxg3 Ra1+ 55. Kf2 Ra2+ 56. Kf3 1-0